000
00313nam a2200145Ia 4500
100
_a
Sedra/ Smith
250
_a
4
942
_c
BK
654
_a
microelectronics
245
_a
Microelectronics Circuits
260
_b
Oxford university
_c
1998
082
_a
621.3815
_b
SED/SM
546
_a
ENGLISH
999
_c
23308
_d
23308